[Event "IX MIEDZYNARODOWY TURNIEJ SZACHOWY - GORA SW. ANNY 2016 - Open A"]
[Site "Gora Sw. Anny"]
[Date "1899-12-30"]
[Round "6.3"]
[White "Grela, Kacper"]
[Black "Kislinsky, Alexey"]
[Result "0-1"]
[WhiteTitle "FM"]
[BlackTitle "GM"]
[WhiteElo "2283"]
[BlackElo "2475"]

1. e4 c5 2. Nf3 Nc6 3. d4 cxd4 4. Nxd4 g6 5. c4 Bg7 6. Be3 Qb6 7. Nb5 Qa5+ 8. N5c3
Nf6 9. f3 O-O 10. Be2 d6 11. O-O Bd7 12. Qd2 Rfc8 13. Na3 Be6 14. Nc2 Nd7 15.
Nd5 Qxd2 16. Bxd2 Bxd5 17. exd5 Nd4 18. Nxd4 Bxd4+ 19. Kh1 Nb6 20. Rac1 Bxb2 21.
Rb1 Bd4 22. Rfc1 Rc7 23. Ba5 Re8 24. Rd1 Bc5 25. Bxb6 Bxb6 26. Bd3 Rc5 27. h4
Ra5 28. Rb2 Ra3 29. Kh2 Bd4 30. Rc2 Bf6 31. Kh3 Rc8 32. Be2 b5 33. Rb1 a6 34.
Rb4 Rc5 35. h5 gxh5 36. Kg3 Kg7 37. Kf4 bxc4 38. Bxc4 Bc3 39. Rxc3 Rxc3 40. Bxa6
Rxd5 41. a4 e5+ 42. Kf5 Rd2 0-1

[Event "IX MIEDZYNARODOWY TURNIEJ SZACHOWY - GORA SW. ANNY 2016 - Open A"]
[Site "Gora Sw. Anny"]
[Date "1899-12-30"]
[Round "6.4"]
[White "Kosakowski, Jakub"]
[Black "Stupak, Kirill"]
[Result "0-1"]
[WhiteTitle "k"]
[BlackTitle "GM"]
[WhiteElo "2253"]
[BlackElo "2537"]

1. e4 e6 2. d4 d5 3. Nc3 Bb4 4. e5 Qd7 5. a3 Bxc3+ 6. bxc3 b6 7. Qg4 f5 8. Qg3
Ba6 9. Bxa6 Nxa6 10. Ne2 O-O-O 11. a4 Nb8 12. a5 Nc6 13. axb6 cxb6 14. O-O Kb7
15. Nf4 Ka8 16. h4 g6 17. Nd3 Nge7 18. Bg5 Rb8 19. Ra3 Rhc8 20. Rfa1 Rb7 21. h5
gxh5 22. Qh3 Na5 23. Qxh5 Nc4 24. R3a2 Nc6 25. Qh6 a5 26. Nf4 Re8 27. Nh5 Qf7
28. Nf6 Rc8 29. f3 Qg6 30. Kf2 Qxh6 31. Bxh6 b5 32. Be3 b4 33. Ra4 bxc3 34. Rxc4
dxc4 35. d5 exd5 36. Nxd5 Rcb8 37. e6 Rb2 38. e7 Kb7 39. Nf6 Nxe7 40. Rxa5 Ra8
41. Re5 Ng6 0-1

[Event "IX MIEDZYNARODOWY TURNIEJ SZACHOWY - GORA SW. ANNY 2016 - Open A"]
[Site "Gora Sw. Anny"]
[Date "1899-12-30"]
[Round "6.5"]
[White "Kantans, Toms"]
[Black "Dobrowolski, Piotr"]
[Result "0-1"]
[WhiteTitle "IM"]
[BlackTitle "IM"]
[WhiteElo "2513"]
[BlackElo "2430"]

1. e4 c5 2. Nf3 Nc6 3. d4 cxd4 4. Nxd4 Nf6 5. Nc3 d6 6. Bg5 e6 7. Qd2 a6 8. O-O-O
Be7 9. f4 Bd7 10. Nf3 b5 11. Bxf6 gxf6 12. Kb1 Qa5 13. a3 b4 14. Nd5 exd5 15.
exd5 Na7 16. Re1 Kd8 17. axb4 Qb6 18. Nd4 Rb8 19. c3 a5 20. bxa5 Qxa5 21. Bc4
f5 22. Re3 Qc5 23. Rhe1 Bh4 24. g3 Qxc4 25. gxh4 Qxd5 26. Rd3 Qb7 27. c4 Re8 28.
Rd1 Qb4 29. Qc1 Ba4 30. R1d2 Qc5 31. b3 Bd7 32. Qc3 Kc7 33. Nc2 Nc8 34. Rd5 Qb6
35. Kb2 Ba4 36. Nd4 Bd7 37. c5 dxc5 38. Rxc5+ Kb7 39. Rc2 Ka8 40. Qc4 Na7 41.
Qd5+ Qb7 42. Qxf7 Be6 43. Qxb7+ Rxb7 44. Re2 Bd7 45. Rxe8+ Bxe8 46. Nxf5 Rb5 47.
Re5 Bf7 48. Nd4 Rxe5 49. fxe5 Bd5 50. e6 Nc8 51. Kc3 Kb7 52. Kd3 Kc7 53. Ke3 Kd6
54. Kf4 Ne7 55. b4 Bxe6 56. Nxe6 Kxe6 57. Kg5 Kf7 58. b5 Nc8 59. Kf4 Kf6 60. Kg4
Kg6 61. Kf4 Kh5 62. Kg3 h6 63. Kh3 Nb6 64. Kg3 Nd5 65. Kh3 Kg6 66. Kg4 h5+ 67.
Kg3 Kf5 68. Kf3 Ke5 69. Kg3 Ke4 70. Kf2 Kf4 71. Kg2 Kg4 72. Kf2 Kxh4 73. Kg2 Kg4
74. Kf2 h4 75. Kg2 Kg5 76. Kf3 Kf5 77. Kf2 Kf4 78. Kg2 Ne3+ 79. Kf2 Nc4 80. Kg2
Kg4 81. Kf2 Nb6 82. Kg2 Nd5 83. Kf2 h3 84. Kf1 Kf3 85. Kg1 Ke3 86. Kf1 Nb6 87.
Ke1 Kf3 88. Kf1 Nc4 89. Kg1 Ke2 90. Kh1 Kf1 91. b6 Ne3 0-1

[Event "IX MIEDZYNARODOWY TURNIEJ SZACHOWY - GORA SW. ANNY 2016 - Open A"]
[Site "Gora Sw. Anny"]
[Date "1899-12-30"]
[Round "6.6"]
[White "Kanicki, Krzysztof"]
[Black "Kocheev, Aleksandr"]
[Result "1/2-1/2"]
[WhiteTitle "k"]
[BlackTitle "m"]
[WhiteElo "2178"]
[BlackElo "2360"]

1. e4 e5 2. Nf3 Nc6 3. Bb5 Nf6 4. O-O Nxe4 5. Re1 Nd6 6. Nxe5 Nxe5 7. Rxe5+ Be7
8. Bf1 O-O 9. d4 Bf6 10. Re1 Re8 11. c3 Rxe1 12. Qxe1 Nf5 13. Bf4 g6 14. Nd2 d5
15. Nf3 Be6 16. g3 c6 17. Qd2 Nd6 18. Re1 Ne4 19. Qc1 Bf5 20. h4 Bg7 21. Ng5 Qd7
22. Nxe4 Bxe4 23. Kh2 Qg4 24. Qe3 Bf6 25. Be2 Qd7 26. f3 Bf5 27. Bf1 h5 28. Bg5
Bxg5 29. hxg5 Qe6 30. Qd2 Qd6 31. Re5 c5 32. Qe3 Qb6 33. Re8+ Rxe8 34. Qxe8+ Kg7
35. Qb5 Qd8 36. f4 cxd4 37. cxd4 Be4 38. Qb4 Qc8 39. Qd2 Qc6 40. Kg1 f6 41. gxf6+
Qxf6 42. Qf2 b6 43. b4 a5 44. a3 axb4 45. axb4 Qe7 46. Qe1 g5 47. fxg5 Qxg5 48.
Bg2 Qg4 49. Bxe4 dxe4 50. Qe3 h4 51. Kh2 h3 52. d5 Qf5 53. d6 Kf7 54. Qh6 Qf2+
55. Kxh3 Qf1+ 56. Kh2 Qf2+ 57. Kh3 Qf1+ 58. Kh2 1/2-1/2

[Event "IX MIEDZYNARODOWY TURNIEJ SZACHOWY - GORA SW. ANNY 2016 - Open A"]
[Site "Gora Sw. Anny"]
[Date "1899-12-30"]
[Round "6.7"]
[White "Kowalczyk, Pawel"]
[Black "Licznerski, Lukasz"]
[Result "0-1"]
[WhiteTitle "I++"]
[BlackTitle "FM"]
[WhiteElo "2371"]
[BlackElo "2308"]

1. e4 c6 2. c4 d5 3. cxd5 cxd5 4. exd5 Nf6 5. Bb5+ Nbd7 6. Nc3 a6 7. Ba4 b5 8.
Bb3 Bb7 9. d4 b4 10. Na4 Nxd5 11. Nf3 e6 12. Bg5 Be7 13. Bxe7 Qxe7 14. Rc1 O-O
15. O-O Rac8 16. Qd2 Qf6 17. Rxc8 Rxc8 18. Rc1 Rxc1+ 19. Qxc1 Nf4 20. Qc7 Bxf3
21. Qxd7 Nh3+ 22. Kf1 Bxg2+ 23. Kxg2 Qxf2+ 24. Kxh3 Qf3+ 25. Kh4 h6 26. Qc8+ Kh7
27. Qc2+ f5 28. Bxe6 g5# 0-1

[Event "IX MIEDZYNARODOWY TURNIEJ SZACHOWY - GORA SW. ANNY 2016 - Open A"]
[Site "Gora Sw. Anny"]
[Date "1899-12-30"]
[Round "6.8"]
[White "Teclaf, Pawel"]
[Black "Smieszek, Wojciech"]
[Result "1/2-1/2"]
[WhiteTitle "CM"]
[BlackTitle "k"]
[WhiteElo "2170"]
[BlackElo "2109"]

1. e4 c5 2. Nf3 g6 3. d4 cxd4 4. Nxd4 Nc6 5. c4 Nf6 6. Nc3 Bg7 7. Nc2 O-O 8. Be2
d6 9. O-O Be6 10. Be3 Ne5 11. b3 Qa5 12. Qd2 Nc6 13. Rab1 Ng4 14. b4 Qe5 15. Bxg4
Qxc3 16. Bxe6 fxe6 17. Qxc3 Bxc3 18. Rfd1 a5 19. b5 Nb4 20. Rb3 Nxc2 21. Rxc3
Nxe3 22. fxe3 Rac8 23. e5 Rfd8 24. exd6 exd6 25. Rcd3 Rxc4 26. Rxd6 Rxd6 27. Rxd6
Rc1+ 28. Kf2 Rc2+ 29. Kf3 Rxa2 30. Rxe6 Rb2 31. Rb6 a4 32. Rxb7 a3 33. Ra7 a2
34. b6 h6 35. h4 Rxb6 36. Rxa2 Kf7 37. Ra7+ Kf6 38. g4 Rb4 39. Ra6+ Kg7 40. e4
g5 41. h5 Rb3+ 42. Kf2 Rc3 43. e5 Rc5 44. Ra7+ Kf8 45. e6 Re5 46. Ra8+ Ke7 47.
Ra7+ Kf8 48. Ra6 Ke7 49. Kf3 Rxe6 50. Rxe6+ Kxe6 51. Ke4 Kf6 52. Kd5 Kf7 53. Ke5
Ke7 54. Kf5 Kf7 1/2-1/2

[Event "IX MIEDZYNARODOWY TURNIEJ SZACHOWY - GORA SW. ANNY 2016 - Open A"]
[Site "Gora Sw. Anny"]
[Date "1899-12-30"]
[Round "6.9"]
[White "Zylka, Stanislaw"]
[Black "Smal, Tobiasz"]
[Result "1-0"]
[WhiteTitle "k"]
[BlackTitle "k"]
[WhiteElo "2080"]
[BlackElo "2006"]

1. d4 Nf6 2. Nf3 g6 3. c4 Bg7 4. g3 O-O 5. Bg2 d6 6. O-O Nc6 7. Nc3 Bf5 8. Ne1
Qd7 9. Bh1 Bh3 10. Ng2 Ng4 11. e3 e5 12. d5 Ne7 13. f3 Nh6 14. Ne4 b6 15. Bd2
Bf5 16. Nf2 Qd8 17. e4 Bd7 18. Qc1 1-0

[Event "IX MIEDZYNARODOWY TURNIEJ SZACHOWY - GORA SW. ANNY 2016 - Open A"]
[Site "Gora Sw. Anny"]
[Date "1899-12-30"]
[Round "6.10"]
[White "Lizak, Jakub"]
[Black "Kalinowska, Zuzanna"]
[Result "1/2-1/2"]
[WhiteTitle "k"]
[BlackTitle "k"]
[WhiteElo "2247"]
[BlackElo "1854"]

1. e4 e6 2. d4 d5 3. Nc3 Bb4 4. e5 c5 5. a3 Bxc3+ 6. bxc3 Ne7 7. Qg4 O-O 8. Bd3
f5 9. exf6 Rxf6 10. Bg5 Rf7 11. Qh5 g6 12. Qd1 Qa5 13. Bd2 Nd7 14. Nf3 c4 15.
Be2 Nc6 16. O-O Nf6 17. Ng5 Re7 18. f4 Bd7 19. a4 h6 20. Nh3 Ne4 21. Be1 Rf8 22.
Rf3 Ref7 23. Nf2 Nxf2 24. Bxf2 Rxf4 25. Rxf4 Rxf4 26. Qd2 g5 27. Be3 Rf7 28. Bh5
Rg7 29. h4 Qd8 30. Rf1 Qe7 31. Rf2 Nd8 32. Qc1 Nf7 33. Bxf7+ Rxf7 34. Rxf7 Qxf7
35. hxg5 hxg5 36. a5 Qf5 37. Bxg5 Ba4 38. Be7 Kf7 39. Bh4 Bxc2 40. Qa3 Bd3 41.
Qe7+ Kg6 42. Qe8+ Kg7 43. Bg3 Qf1+ 44. Kh2 Qf7 45. Be5+ Kg6 46. Qc8 Be4 47. Kg1
Bd3 48. Kh1 Be2 49. Kh2 Kf5 50. Qc5 1/2-1/2

[Event "IX MIEDZYNARODOWY TURNIEJ SZACHOWY - GORA SW. ANNY 2016 - Open A"]
[Site "Gora Sw. Anny"]
[Date "1899-12-30"]
[Round "6.11"]
[White "Piotrowski, Przemyslaw"]
[Black "Praczukowski, Stanislaw"]
[Result "1/2-1/2"]
[WhiteTitle "k"]
[BlackTitle "I++"]
[WhiteElo "2205"]
[BlackElo "2003"]

1. Nf3 Nf6 2. g3 d5 3. Bg2 e6 4. O-O Be7 5. d4 O-O 6. b3 b6 7. Bb2 Bb7 8. Ne5 Nbd7
9. c4 c6 10. Nd2 Nxe5 11. dxe5 Nd7 12. e4 Nc5 13. Qf3 Bg5 14. Rfd1 Bxd2 15. exd5
cxd5 16. Rxd2 Qg5 17. Qe2 dxc4 18. Bxb7 Nxb7 19. f4 Qe7 20. Qxc4 Rfd8 21. Rad1
Rxd2 22. Rxd2 Rd8 23. Rd4 Rxd4 24. Bxd4 Qd7 25. b4 b5 26. Qc3 Nd8 27. Qc5 Nc6
28. Bf2 a6 29. a3 h5 30. h3 Ne7 31. Qd6 Qb7 32. Bc5 Nf5 33. Qd8+ Kh7 34. Qd3 g6
35. g4 Ng7 36. Bf8 Qc8 37. Bc5 Qc6 38. Kh2 Qb7 39. Bf8 Qb6 40. Bc5 Qc6 41. Kg3
Qh1 42. Bf2 Qc6 43. Bc5 Qh1 44. Qe3 Qd1 45. Be7 Qf1 46. Bf6 Qb1 47. Bxg7 Kxg7
48. gxh5 gxh5 49. Kh4 Qf5 50. Qg3+ Kh6 51. Qf3 Kg6 52. Qe3 Kh6 53. Qd4 Qb1 54.
Qd2 Qe4 55. Qf2 Qd3 56. Qc5 Qd8+ 57. Kg3 Qd3+ 58. Kh4 1/2-1/2

[Event "IX MIEDZYNARODOWY TURNIEJ SZACHOWY - GORA SW. ANNY 2016 - Open A"]
[Site "Gora Sw. Anny"]
[Date "1899-12-30"]
[Round "6.12"]
[White "Kowalski, Igor"]
[Black "Czopor, Maciej"]
[Result "1/2-1/2"]
[WhiteTitle "k"]
[BlackTitle "I+"]
[WhiteElo "2121"]
[BlackElo "1906"]

1. e4 c5 2. Nf3 d6 3. d4 cxd4 4. Nxd4 Nf6 5. Nc3 a6 6. g3 e6 7. Bg2 Be7 8. O-O
O-O 9. Be3 Qc7 10. g4 Nc6 11. g5 Nd7 12. f4 Nxd4 13. Qxd4 e5 14. Qd2 exf4 15.
Nd5 fxe3 16. Nxe7+ Kh8 17. Qxe3 Ne5 18. Nxc8 Raxc8 19. c3 Nc4 20. Qf2 Qc5 21.
Qxc5 Rxc5 22. h4 Nxb2 23. Rab1 Rb5 24. Rf5 Na4 25. Rbxb5 axb5 26. Rxb5 Nxc3 27.
Rxb7 Nxa2 28. Rd7 Nc3 29. Rxd6 Ne2+ 30. Kf2 Nf4 31. Bf3 g6 32. Bg4 Re8 33. Kf3
Ne6 34. Bxe6 fxe6 35. Ke3 e5 36. Kd3 Rf8 37. Re6 Rf4 38. Rxe5 Rxh4 39. Kd4 h5
40. Re8+ Kg7 41. Ke5 Rh1 42. Re7+ Kf8 43. Ra7 Rb1 1/2-1/2

[Event "IX MIEDZYNARODOWY TURNIEJ SZACHOWY - GORA SW. ANNY 2016 - Open A"]
[Site "Gora Sw. Anny"]
[Date "1899-12-30"]
[Round "6.13"]
[White "Kokoszczynski, Jan"]
[Black "Korpalski, Maciej"]
[Result "1/2-1/2"]
[WhiteTitle "k"]
[BlackTitle "I"]
[WhiteElo "2121"]
[BlackElo "1901"]

1. e4 c5 2. Nf3 e6 3. d4 cxd4 4. Nxd4 Nf6 5. Nc3 d6 6. g4 h6 7. h4 Nc6 8. g5 hxg5
9. Bxg5 Be7 10. Rg1 a6 11. Qd2 Bd7 12. O-O-O Qc7 13. Kb1 O-O-O 14. Rg3 Nh5 15.
Nxc6 Bxc6 16. Rd3 f6 17. Be3 g6 18. Nd5 exd5 19. exd5 Bxd5 20. Rxd5 f5 21. Rd3
Bf6 22. Qb4 d5 23. Bb6 Qd6 24. Qa5 Rd7 25. Rxd5 Qe5 26. c3 Rxd5 27. Qxd5 Qxd5
28. Rxd5 Bxh4 29. Rd6 Nf4 30. Bc4 Be7 31. Rd1 Bd8 32. Be3 Bc7 33. Rg1 Rh2 34.
Bf7 Rg2 35. Rxg2 Nxg2 36. Bxg6 Nxe3 37. fxe3 f4 38. exf4 Bxf4 39. Kc2 Kc7 40.
b4 b6 41. a4 Be3 42. a5 b5 43. Be4 Bf2 44. Bd5 Be1 45. Kb3 Bd2 46. Bh1 Be1 47.
Kc2 Bf2 48. Kd3 Be1 49. Ba8 Bf2 50. Be4 Be1 51. Bg6 Bf2 52. Be8 Be1 53. c4 Bxb4
54. Bxb5 axb5 55. cxb5 Bxa5 56. b6+ Kxb6 1/2-1/2

[Event "IX MIEDZYNARODOWY TURNIEJ SZACHOWY - GORA SW. ANNY 2016 - Open A"]
[Site "Gora Sw. Anny"]
[Date "1899-12-30"]
[Round "6.14"]
[White "Domanski, Lukasz"]
[Black "Chmiel, Piotr"]
[Result "1-0"]
[WhiteTitle "I++"]
[BlackTitle "I+"]
[WhiteElo "1975"]
[BlackElo "1914"]

1. e4 e5 2. Nf3 Nc6 3. Bc4 Bc5 4. c3 Nf6 5. d3 d6 6. Bb3 Bg4 7. Nbd2 O-O 8. h3
Bh5 9. Nf1 d5 10. Qe2 dxe4 11. dxe4 Bg6 12. Ng3 a6 13. O-O Nh5 14. Nxh5 Bxh5 15.
Be3 Bxe3 16. Qxe3 Qe7 17. Rad1 Na5 18. Rd5 Bxf3 19. Rxa5 Bh5 20. Qc5 Qxc5 21.
Rxc5 c6 22. Rxe5 Be2 23. Re1 Bd3 24. Re3 Bb1 25. Re7 1-0

[Event "IX MIEDZYNARODOWY TURNIEJ SZACHOWY - GORA SW. ANNY 2016 - Open A"]
[Site "Gora Sw. Anny"]
[Date "1899-12-30"]
[Round "7.1"]
[White "Gajek, Radoslaw"]
[Black "Kovalev, Vladislav"]
[Result "1/2-1/2"]
[WhiteTitle "IM"]
[BlackTitle "GM"]
[WhiteElo "2432"]
[BlackElo "2558"]

1. d4 Nf6 2. c4 g6 3. Nc3 Bg7 4. Nf3 O-O 5. e4 d6 6. Be2 Na6 7. O-O e5 8. Re1 Qe8
9. d5 Nc5 10. Bf1 a5 11. Nd2 Bd7 12. Nb3 Qe7 13. Nxc5 dxc5 14. Bg5 h6 15. Bh4
g5 16. Bg3 Ne8 17. Be2 Nd6 18. Rc1 b6 19. a4 f6 20. b3 Be8 21. Bg4 Bg6 22. h3
Rae8 23. Qf3 Kh7 24. Bh2 Rh8 25. Nb5 Kg8 26. Be6+ Bf7 27. Nxd6 cxd6 28. Bxf7+
Qxf7 29. Qf5 Rd8 30. Rc3 Qd7 31. Qxd7 Rxd7 32. g4 h5 33. Bg3 h4 34. Bh2 Kf7 35.
Rf3 Kg6 36. Rc1 Rf8 37. Kf1 Ra7 38. Ke2 Rff7 39. Kd3 Rf8 40. Rf5 Rff7 1/2-1/2

[Event "IX MIEDZYNARODOWY TURNIEJ SZACHOWY - GORA SW. ANNY 2016 - Open A"]
[Site "Gora Sw. Anny"]
[Date "1899-12-30"]
[Round "7.2"]
[White "Kislinsky, Alexey"]
[Black "Hnydiuk, Aleksander"]
[Result "1/2-1/2"]
[WhiteTitle "GM"]
[BlackTitle "IM"]
[WhiteElo "2475"]
[BlackElo "2341"]

1. e4 c5 2. Nf3 d6 3. Bb5+ Bd7 4. Bxd7+ Qxd7 5. O-O Nf6 6. Re1 Nc6 7. c3 e6 8.
d4 cxd4 9. cxd4 d5 10. e5 Ne4 11. Nbd2 Nxd2 12. Bxd2 Be7 13. Rc1 O-O 14. Rc3 Rac8
15. a3 Rc7 16. Rd3 Rfc8 17. Ng5 Bxg5 18. Bxg5 Ne7 19. Qh5 Ng6 20. h4 Qb5 21. Rg3
Qxb2 22. Qg4 h5 23. Qxh5 Qxd4 24. Be3 Qc3 25. Qd1 Qc2 26. Qd4 Qc3 27. Qd1 Qc2
28. Qg4 Qf5 29. Qxf5 exf5 30. Bg5 Rc3 31. Rxc3 Rxc3 32. e6 fxe6 33. Rxe6 Nf8 34.
Re8 Rxa3 35. Rb8 Kf7 36. Rxb7+ Kg6 37. Be3 a5 38. Bd4 Ne6 39. Be5 f4 40. h5+ Kxh5
41. Re7 d4 42. Kf1 Ra1+ 43. Ke2 Ra2+ 44. Kd3 Rxf2 45. Rxe6 g5 46. Ra6 Rxg2 47.
Rxa5 f3 48. Bxd4 Kg4 49. Be3 Kh4 50. Ke4 g4 51. Ra1 Kh3 52. Kf4 Rc2 53. Rh1+ Rh2
54. Rg1 Rg2 55. Rh1+ Rh2 56. Rg1 Rg2 57. Rh1+ 1/2-1/2

[Event "IX MIEDZYNARODOWY TURNIEJ SZACHOWY - GORA SW. ANNY 2016 - Open A"]
[Site "Gora Sw. Anny"]
[Date "1899-12-30"]
[Round "7.3"]
[White "Dobrowolski, Piotr"]
[Black "Kovchan, Alexander"]
[Result "1/2-1/2"]
[WhiteTitle "IM"]
[BlackTitle "GM"]
[WhiteElo "2430"]
[BlackElo "2596"]

1. d4 Nf6 2. Nf3 g6 3. c4 Bg7 4. Nc3 d5 5. cxd5 Nxd5 6. e4 Nxc3 7. bxc3 c5 8. Rb1
O-O 9. Be2 cxd4 10. cxd4 Qa5+ 11. Bd2 Qxa2 12. O-O b6 13. Qc1 Bb7 14. Bc4 Qa4
15. Bb5 Qa2 16. Bc4 Qa4 17. Bb5 Qa2 18. Bc4 Qa4 19. Bb5 1/2-1/2

[Event "IX MIEDZYNARODOWY TURNIEJ SZACHOWY - GORA SW. ANNY 2016 - Open A"]
[Site "Gora Sw. Anny"]
[Date "1899-12-30"]
[Round "7.4"]
[White "Stupak, Kirill"]
[Black "Zylka, Stanislaw"]
[Result "1-0"]
[WhiteTitle "GM"]
[BlackTitle "k"]
[WhiteElo "2537"]
[BlackElo "2080"]

1. d4 d5 2. Nf3 Nf6 3. g3 c5 4. c4 dxc4 5. Qa4+ Bd7 6. Qxc4 cxd4 7. Nxd4 Na6 8.
Nc3 Rc8 9. Qb3 Nc5 10. Qc2 e5 11. Nf3 Nce4 12. Bg2 Bb4 13. O-O Nxc3 14. bxc3 Bxc3
15. Bb2 Bxb2 16. Qxb2 Bc6 17. Bh3 Rc7 18. Nxe5 O-O 19. Nxc6 bxc6 20. Rac1 Qe7
21. Rc4 c5 22. Rfc1 Rd8 23. Qc2 h5 24. Rxc5 Rxc5 25. Qxc5 Qxe2 26. Qxa7 Rd2 27.
Bf1 Qf3 28. Bg2 Qe2 29. a4 Kh7 30. h3 h4 31. g4 Rd1+ 32. Rxd1 Qxd1+ 33. Bf1 Nxg4
34. Qxf7 Nf6 35. Qc4 Qh5 36. Bd3+ Kh8 37. Qc8+ Ng8 38. Qf5 Qh6 39. a5 Qc1+ 40.
Kg2 Nf6 41. a6 Qc6+ 42. Qf3 Qc5 43. Qa8+ Ng8 44. Qe4 g6 45. Qxg6 1-0

[Event "IX MIEDZYNARODOWY TURNIEJ SZACHOWY - GORA SW. ANNY 2016 - Open A"]
[Site "Gora Sw. Anny"]
[Date "1899-12-30"]
[Round "7.5"]
[White "Kocheev, Aleksandr"]
[Black "Grela, Kacper"]
[Result "1-0"]
[WhiteTitle "m"]
[BlackTitle "FM"]
[WhiteElo "2360"]
[BlackElo "2283"]

1. e4 c5 2. Nf3 Nc6 3. c3 d5 4. exd5 Qxd5 5. d4 Bf5 6. Na3 cxd4 7. Nb5 O-O-O 8.
cxd4 e5 9. Qa4 exd4 10. Bg5 Re8+ 11. Kd1 Bc5 12. Bc4 Qd7 13. Rc1 Be4 14. Be6 Qxe6
15. Rxc5 Qg4 16. Nd6+ Kd7 17. Nxe8 Bxf3+ 18. Kc1 Bxg2 19. Re1 Nf6 20. h3 Qf3 21.
Nxg7 Ne4 22. Rxc6 bxc6 23. Qxa7+ Kc8 24. Qa8+ Kc7 25. Qxh8 f6 26. Ne6+ Kd6 27.
Nxd4 Qxf2 28. Qd8+ Kc5 29. Nb3+ Kc4 30. Bd2 1-0

[Event "IX MIEDZYNARODOWY TURNIEJ SZACHOWY - GORA SW. ANNY 2016 - Open A"]
[Site "Gora Sw. Anny"]
[Date "1899-12-30"]
[Round "7.6"]
[White "Licznerski, Lukasz"]
[Black "Kanicki, Krzysztof"]
[Result "0-1"]
[WhiteTitle "FM"]
[BlackTitle "k"]
[WhiteElo "2308"]
[BlackElo "2178"]

1. e4 c5 2. Be2 Nc6 3. d3 g6 4. f4 Bg7 5. Nf3 e6 6. Nbd2 Nge7 7. Nc4 d5 8. Ne3
Nd4 9. Nxd4 cxd4 10. Ng4 f5 11. Nf2 O-O 12. O-O b6 13. e5 g5 14. fxg5 Bxe5 15.
Nh3 Qc7 16. Bf4 Ng6 17. Bxe5 Qxe5 18. Bh5 Qd6 19. Qe2 e5 20. Rae1 Re8 21. c3 dxc3
22. d4 e4 23. bxc3 Be6 24. Qf2 Kg7 25. Re3 Rf8 26. Bxg6 hxg6 27. Nf4 Rh8 28. h4
Raf8 29. h5 0-1

[Event "IX MIEDZYNARODOWY TURNIEJ SZACHOWY - GORA SW. ANNY 2016 - Open A"]
[Site "Gora Sw. Anny"]
[Date "1899-12-30"]
[Round "7.7"]
[White "Kantans, Toms"]
[Black "Teclaf, Pawel"]
[Result "1/2-1/2"]
[WhiteTitle "IM"]
[BlackTitle "CM"]
[WhiteElo "2513"]
[BlackElo "2170"]

1. e4 c5 2. Nf3 d6 3. Bb5+ Nd7 4. O-O a6 5. Bd3 Ngf6 6. Qe2 e5 7. a4 g6 8. Bc4
Bg7 9. Nc3 O-O 10. d3 b6 11. Be3 Bb7 12. Rab1 Bc6 13. Nd2 Re8 14. b4 Qc7 15. b5
axb5 16. Nxb5 Qb8 17. Bb3 d5 18. Qf3 c4 19. dxc4 dxe4 20. Qe2 Bf8 21. Ra1 Nh5
22. c5 Nxc5 23. Bxc5 Bxc5 24. Nxe4 Bxe4 25. Qxe4 Qd8 26. Rad1 Qe7 27. Nc3 Nf6
28. Qc4 Rac8 29. Qb5 Red8 30. Nd5 Nxd5 31. Bxd5 Bd4 32. c4 Rc5 33. Qb3 Qd7 34.
Rd2 Qg4 35. g3 Rd6 36. Kg2 Rf6 37. Re1 Ra5 38. f3 Qg5 39. Rd3 Bc5 40. Be4 Rd6
41. Bd5 Qf5 42. Re2 Kg7 43. Rd1 h5 44. h4 Qd7 45. Ra2 Qe7 46. Qc3 Bd4 47. Qd2
Qd7 48. Qc2 Rc5 49. Qb3 Qf5 50. Rf1 Qd7 51. Qd1 Ra5 52. Qc2 Rc5 53. Qb3 Qf5 54.
f4 Rd7 55. Rd2 Qf6 56. fxe5 Qxe5 57. Qd3 Bb2 58. Re2 Qd4 59. Qb1 Bc3 60. Rf4 1/2-1/2

[Event "IX MIEDZYNARODOWY TURNIEJ SZACHOWY - GORA SW. ANNY 2016 - Open A"]
[Site "Gora Sw. Anny"]
[Date "1899-12-30"]
[Round "7.8"]
[White "Smieszek, Wojciech"]
[Black "Kosakowski, Jakub"]
[Result "0-1"]
[WhiteTitle "k"]
[BlackTitle "k"]
[WhiteElo "2109"]
[BlackElo "2253"]

1. e4 e5 2. Nf3 Nc6 3. Bb5 a6 4. Ba4 Nf6 5. Qe2 b5 6. Bb3 Be7 7. O-O O-O 8. c3
d5 9. d3 Bb7 10. Rd1 Re8 11. Bg5 Na5 12. Bc2 h6 13. Bxf6 Bxf6 14. Nbd2 c5 15.
b4 cxb4 16. cxb4 Nc6 17. a3 d4 18. Bb3 a5 19. Bd5 axb4 20. axb4 Qe7 21. Rab1 Ra4
22. Rb2 Nxb4 23. Bxb7 Qxb7 24. Rdb1 Qe7 25. Nf1 Rc8 26. Qd2 Rc3 27. Ne3 Qc5 28.
Nd5 Nxd5 29. exd5 b4 30. Qd1 Raa3 31. Rxb4 Rxd3 32. Rb8+ Kh7 33. Qe2 Qxd5 34.
R8b5 Qc6 35. Rb6 Qd5 36. R6b5 Qd7 37. Qe4+ g6 38. Rb7 Qe6 39. R7b6 Rd1+ 40. Rxd1
Qxb6 41. Nxe5 Qb3 42. Rf1 d3 43. Ng4 Bg7 44. Qf4 Qc3 45. Ne3 Ra1 46. g3 d2 47.
Qf3 Re1 48. Kg2 Qd3 0-1

[Event "IX MIEDZYNARODOWY TURNIEJ SZACHOWY - GORA SW. ANNY 2016 - Open A"]
[Site "Gora Sw. Anny"]
[Date "1899-12-30"]
[Round "7.9"]
[White "Praczukowski, Stanislaw"]
[Black "Lizak, Jakub"]
[Result "1/2-1/2"]
[WhiteTitle "I++"]
[BlackTitle "k"]
[WhiteElo "2003"]
[BlackElo "2247"]

1. e4 e5 2. Nf3 Nc6 3. Bc4 Nf6 4. Ng5 d5 5. exd5 Na5 6. Bb5+ c6 7. dxc6 bxc6 8.
Be2 h6 9. Nh3 Bd6 10. d3 O-O 11. Nc3 Rb8 12. O-O c5 13. b3 Nc6 14. Ne4 Re8 15.
Be3 Nd4 16. Qd2 Nd5 17. Rae1 Bf8 18. Bd1 g5 19. Kh1 Bb7 20. c3 f5 21. cxd4 cxd4
22. Bxg5 hxg5 23. Qxg5+ Qxg5 24. Nexg5 Bg7 25. Bh5 Re7 26. Bg6 f4 27. Be4 Nb4
28. Bh7+ Kf8 29. Be4 Nxa2 30. g3 Nb4 31. Bxb7 Rbxb7 32. Rd1 fxg3 33. fxg3+ Ke8
34. Ne4 Rb6 35. Nhf2 Nd5 36. Rb1 Reb7 37. Rfc1 Kd8 38. Nc5 Rc7 39. Nfe4 Rbc6 40.
b4 Bf8 41. Nb7+ Ke8 42. Rxc6 Rxc6 43. b5 Rb6 44. Na5 Nc3 45. Nxc3 dxc3 46. Nc4
Bh6 47. Na3 Rd6 48. Re1 Rd5 49. d4 Bf8 50. Nc2 Rxb5 51. Rxe5+ Rxe5 52. dxe5 Bg7
53. Kg2 Bxe5 54. Kf3 Kf7 55. Ke4 Bf6 56. Kd3 Kg6 57. Ne3 Kg5 58. Nd5 Be5 59. Nxc3
Kg4 1/2-1/2

[Event "IX MIEDZYNARODOWY TURNIEJ SZACHOWY - GORA SW. ANNY 2016 - Open A"]
[Site "Gora Sw. Anny"]
[Date "1899-12-30"]
[Round "7.10"]
[White "Smal, Tobiasz"]
[Black "Piotrowski, Przemyslaw"]
[Result "0-1"]
[WhiteTitle "k"]
[BlackTitle "k"]
[WhiteElo "2006"]
[BlackElo "2205"]

1. d4 Nf6 2. Nf3 g6 3. Bf4 Bg7 4. e3 O-O 5. Be2 d6 6. h3 Nfd7 7. O-O e5 8. Bg5
Qe8 9. dxe5 dxe5 10. e4 Nc5 11. Nfd2 Ne6 12. Be3 Nc6 13. c3 Qe7 14. Nb3 Qh4 15.
N1d2 Nf4 16. Re1 Rd8 17. Bf1 b6 18. g3 Qh6 19. gxf4 exf4 20. Bd4 Nxd4 21. cxd4
Bxd4 22. Nxd4 Rxd4 23. Qe2 Ba6 24. Qf3 Rxd2 25. Bxa6 Qg5+ 26. Kh1 Rad8 27. b3
Qa5 28. Bc4 b5 29. Bd5 Qb6 30. Qxf4 Rxf2 31. Qe3 Qf6 32. e5 Qf5 33. Kg1 Rf4 34.
Rad1 Re8 35. Rf1 Qg5+ 36. Kh2 Rxf1 37. Qxg5 Rxd1 38. Qg2 Rd8 39. Bxf7+ Kxf7 40.
Qf2+ Kg8 41. Qxa7 R1d2+ 42. Kg3 R2d3+ 43. Kf4 R8d4+ 44. Kg5 Kg7 45. Qxc7+ Rd7
0-1

[Event "IX MIEDZYNARODOWY TURNIEJ SZACHOWY - GORA SW. ANNY 2016 - Open A"]
[Site "Gora Sw. Anny"]
[Date "1899-12-30"]
[Round "7.11"]
[White "Domanski, Lukasz"]
[Black "Kowalski, Igor"]
[Result "0-1"]
[WhiteTitle "I++"]
[BlackTitle "k"]
[WhiteElo "1975"]
[BlackElo "2121"]

1. e4 e6 2. d4 d5 3. Nc3 Bb4 4. exd5 exd5 5. Bd3 Ne7 6. Qh5 Nbc6 7. a3 Bxc3+ 8.
bxc3 Ng6 9. Ne2 Be6 10. Bg5 Qd7 11. h3 Bf5 12. O-O f6 13. Bd2 Bxd3 14. cxd3 O-O-O
15. Rab1 Nce7 16. Nc1 f5 17. Nb3 b6 18. f4 Ng8 19. a4 Nf6 20. Qd1 a5 21. Kh1 Qxa4
22. Qc1 Rhe8 23. c4 dxc4 24. dxc4 Re2 25. c5 Qc6 26. Rg1 a4 27. Na1 bxc5 28. Bb4
Rxd4 29. Qxc5 Qxc5 30. Bxc5 Rxf4 0-1

[Event "IX MIEDZYNARODOWY TURNIEJ SZACHOWY - GORA SW. ANNY 2016 - Open A"]
[Site "Gora Sw. Anny"]
[Date "1899-12-30"]
[Round "7.12"]
[White "Kalinowska, Zuzanna"]
[Black "Czopor, Maciej"]
[Result "1/2-1/2"]
[WhiteTitle "k"]
[BlackTitle "I+"]
[WhiteElo "1854"]
[BlackElo "1906"]

1. d4 Nf6 2. Nf3 g6 3. c3 Bg7 4. Bf4 d6 5. h3 O-O 6. e3 c5 7. Be2 Qb6 8. Qb3 Be6
9. Qxb6 axb6 10. a3 Bd5 11. Nbd2 Bc6 12. O-O b5 13. Bd3 Na6 14. Rfe1 Nd5 15. Bg3
Nb6 16. e4 Na4 17. Rab1 b4 18. axb4 cxb4 19. Rec1 Bh6 20. c4 f5 21. Re1 Bxd2 22.
Nxd2 f4 23. Bh4 Rae8 24. f3 e5 25. d5 Bd7 26. Nb3 N6c5 27. Nxc5 Nxc5 28. Red1
Kf7 29. b3 b5 30. Be1 bxc4 31. Bxc4 Rb8 32. Ra1 Rb7 33. Ra5 Rfb8 34. Rda1 g5 35.
Ra8 Ke7 36. Bf2 Bb5 37. Rxb8 Rxb8 38. Ra7+ Kd8 39. Bxc5 dxc5 40. Bxb5 Rxb5 41.
Kf2 c4 42. bxc4 Rc5 43. Rxh7 Rxc4 44. Rb7 Kc8 45. Rb5 Rc2+ 46. Ke1 Rb2 1/2-1/2